Llwytho...
Tail Enders and Other Deprived in an Irrigation System in Haryana
| Prif Awdur: | |
|---|---|
| Fformat: | Report |
| Cyhoeddwyd: |
New Delhi
Agricultural Economics Research Centre university of Delhi
2003
|
| LEADER | 00509nam a2200133Ia 4500 | ||
|---|---|---|---|
| 999 | |c 22865 |d 22865 | ||
| 082 | |a 631.587 |b PRE/TA | ||
| 100 | |a Prem S, Vashishtha | ||
| 245 | |a Tail Enders and Other Deprived in an Irrigation System in Haryana | ||
| 260 | |a New Delhi |b Agricultural Economics Research Centre university of Delhi |c 2003 | ||
| 300 | |a 54 | ||
| 546 | |a English | ||
| 942 | |2 ddc |c REP | ||
| 952 | |0 0 |1 0 |2 ddc |4 0 |6 631_587000000000000_PRE_TA |7 0 |9 30745 |a KAUCLV |b KAUCLV |c REPORTS |d 2014-03-18 |o 631.587 PRE/TA |p 804341 |r 2014-03-18 |y REP | ||